00966cam a22002531i 4500001000700000003000900007005001700016008004100033040003800074082002000112100003800132245011700170264003700287300004000324336002600364337002800390338002700418504005200445650004100497655001700538942001200555999001700567952012800584278288EG-ScBUE20250617110909.0730306s1962 nyua f b 001 0 eng d aDLCbengerdacDLCdDLCdEG-ScBUE04a539.12222bBAR1 aBarrow, Gordon M.,eauthor.9763600aIntroduction to Molecular Spectroscopy/cGordon M. Barrow, professor of chemistry, Case Institute of Technology. 1aNew York :bMcGraw-Hill, c1962. a318 pages :billustrations ;c25 cm 2rdacontentatextbtxt aunmediated2rdamediabn avolumebnc2rdacarrier aIncludes bibliographical references and index.  7aMolecular spectroscopy.2BUEsh97637 vReading book 2ddccBB c12217d12217 00102ddc40708Alef-BaaaMAINbMAINc1STd2009-07-06ePurchaseg150.00l0o539.12 BARp000017205r2025-07-15 00:00:00yBB